000 00239nam a2200097Ia 4500
008 240331s9999 xx 000 0 und d
082 _bWEE
100 _aWeerasinghe, S.G.M
245 0 _aMunidasa Cumaratunga expository :
_bvolume 1
942 _cL
999 _c3467
_d3467